000 01198nam a22003497a 4500
003 CHAP
005 20220329135102.0
008 971013s1981 r 00010 d
010 _a30693
011 _a31665
035 _a35777
040 _cCHAP
090 _aTesis
100 0 0 _aCortés Flores, José Isabel.
_928354
245 _aLateral movement of zinc and growth of shoots and roots as affected by localized zinc placement and water stress in young apricot trees
260 _aDavis, Calif. :
_bEl autor,
_c1981?
300 _a84 h.
502 _aTesis (Doctor of philosophy) -- University of California Davis
590 _aALEPH
_b10
_c20130110
_lUCH01
_h1252
590 _aBATCH-UPD
_b10
_c20130110
_lUCH01
_h0226
590 _aBATCH-UPD
_b10
_c20130110
_lUCH01
_h1452
590 _aBATCH-UPD
_b10
_c20130410
_lUCH01
_h1531
590 _aBATCH-UPD
_b10
_c20130914
_lUCH01
_h1926
590 _aCONVERSION
_b10
_c20130109
_lUCH01
_h1317
650 1 4 _aAgua
_xEfecto en plantas.
_92372
650 1 4 _aChabacano
_xCrecimiento.
_921671
650 1 4 _aRaíces
_994670
650 1 4 _aZinc
_xEfecto en chabacano.
_9124058
901 _aBK
942 _cTESIS
949 _bBC
_cTES
_d-82695
_eTS1
_i35777
_si
999 _c30693
_d30693